Mujmal-i Faṣīḥī / (Record no. 50475)

MARC details
000 -LEADER
fixed length control field 01355cam a22002891 4500
001 - CONTROL NUMBER
control field ne 68002226
003 - CONTROL NUMBER IDENTIFIER
control field DLC
005 - DATE AND TIME OF LATEST TRANSACTION
control field 20260227111843.0
008 - FIXED-LENGTH DATA ELEMENTS--GENERAL INFORMATION
fixed length control field 890402m19619999ir b 001 0 per
010 ## - LIBRARY OF CONGRESS CONTROL NUMBER
LC control number ne 68002226
035 ## - SYSTEM CONTROL NUMBER
System control number (OCoLC)23554733
040 ## - CATALOGING SOURCE
Original cataloging agency DLC
Transcribing agency MiU
Modifying agency DLC
043 ## - GEOGRAPHIC AREA CODE
Geographic area code aw-----
-- ff-----
-- e-sp---
050 00 - LIBRARY OF CONGRESS CALL NUMBER
Classification number DS38.2
Item number .F37 1961
066 ## - CHARACTER SETS PRESENT
Alternate G0 or G1 character set (3
-- (4
100 1# - MAIN ENTRY--PERSONAL NAME
Linkage 880-01
Personal name Faṣīḥ Khvāfī, Faṣīḥ al-Dīn Aḥmad,
Dates associated with a name 1375-
245 10 - TITLE STATEMENT
Linkage 880-02
Title Mujmal-i Faṣīḥī /
Statement of responsibility, etc. muʼallif Faṣīh Aḥmad ibn Jalāl al-Dīn Muḥammad Khvāfī ; bi taṣʹḥīḥ va taḥshīyah-i Maḥmūd Farrukh.
260 ## - PUBLICATION, DISTRIBUTION, ETC.
Linkage 880-03
Place of publication, distribution, etc. Mashhad :
Name of publisher, distributor, etc. Kitābfurūshī-i Bāstān,
Date of publication, distribution, etc. 1339-<1340> [1961-<1962 or 1963>
300 ## - PHYSICAL DESCRIPTION
Extent v. <1-2 > ;
Dimensions 25 cm.
504 ## - BIBLIOGRAPHY, ETC. NOTE
Bibliography, etc. note Includes bibliographical references (v. 1, p. 416) and indexes.
651 #0 - SUBJECT ADDED ENTRY--GEOGRAPHIC NAME
Geographic name Islamic Empire
General subdivision History.
700 1# - ADDED ENTRY--PERSONAL NAME
Linkage 880-05
Personal name Farrukh, Maḥmūd.
880 1# - ALTERNATE GRAPHIC REPRESENTATION
Linkage 100-01/(3/r
a فصيح خوافى، فصيح الدين احمد،
d ب. ١٣٧٥.
880 10 - ALTERNATE GRAPHIC REPRESENTATION
Linkage 245-02/(3/r
a مجمل فصيحى /
c مؤلف فصيه احمد بن جلال الدين محمد خوافى ؛ ب تص‌حيح و تحشيه محمود فرخ.
880 ## - ALTERNATE GRAPHIC REPRESENTATION
Linkage 260-03/(3/r
a مشهد :
b کتابفروشى باستان،
c 1339-<1340> [1961-<1962 or 1963>.
880 1# - ALTERNATE GRAPHIC REPRESENTATION
Linkage 700-05/(3/r
a فرخ، محمود.

No items available.

Powered by Koha